00577nam a22001817a 450000500170000001000150001702000260003203500130005803700130007108200160008424501110010026000300021127000480024130000260028950000400031570000170035570000230037220150721145239.0 aENG-113100 a9789380574073c900.00 aEN-96632 bDBAD/PUB a382.0954051 aIndia-China :btrade and strategy for frontier development /cedited by Gurudas Das [and] C. Joshua Thomas aNew DelhibBookwellc2010 a3/79, Nirankari Colony, bNew Delhie110009 axviii,431p.c23cm(Hb) aIncludes bibliographical references aDas, Gurudas aJoshua Thomas, C.